000 00964cab a2200181 4500
001 ##L133343
008 060503n2006 000 0 eng u
035 _a(Sirsi) u133343
041 0 _aeng
100 1 _aPhillippo, Peter
245 0 0 _aQuantification of loss
260 _c2006
490 0 _aContract Journal
_v433(6571) 20 April 2006, 28(1)
520 _aReports the facts of, and comments upon, "Plymouth and South West Co-Operative Society Ltd v Architecture, Structure and Management Ltd" ([2006] EWHC 5 TCC, L133418). The decision makes clear that absence of documentation is not necessarily a bar to recovery of damages where a claimant is prevented from demonstrating a loss incurred by the defendant's breach of contract.
650 2 4 _aPLYMOUTH AND SOUTH WEST CO-OPERATIVE SOCIETY LTD V ARCHITECTURE, STRUCTURE AND MANAGEMENT LTD
690 _aMANAGEMENT-DISPUTE AVOIDANCE, MANAGEMENT AND RESOLUTION-DISPUTE MANAGEMENT AND RESOLUTION
942 _n0
999 _c76944
_d76944